|
|
|
|
| LEADER |
00698nta a2200181 i 4500 |
| 001 |
dipl84571 |
| 005 |
20200219072353.0 |
| 008 |
200219s1979 hu om 0|| zxx d |
| 040 |
|
|
|a SZTE Diploma Repozitórium
|b hun
|
| 041 |
|
|
|a zxx
|
| 100 |
1 |
|
|a Vermes Miklós
|
| 245 |
1 |
0 |
|a Oktatóprogramok készitése [!készítése] és alkalmazási lehetőségei a 7. osztályos uj [!új] kémia tanitásban [!tanításban]
|h [elektronikus dokumentum] /
|c Miklós Vermes
|
| 260 |
|
|
|c 1979
|
| 650 |
|
4 |
|a Természettudományok
|
| 650 |
|
4 |
|a Natural sciences
|
| 700 |
0 |
1 |
|a Deák László
|e ths
|
| 700 |
0 |
1 |
|a Nagy Pál
|e ths
|
| 856 |
4 |
0 |
|u https://diploma.bibl.u-szeged.hu/id/eprint/84571/1/1979_vermes_miklos.pdf
|z Dokumentum-elérés
|